000
00296nam a22001337a 4500
008
170928b xxu||||| |||| 00| 0 eng d
020
_a
9781904994503
041
_a
eng
080
_a
37
100
_a
47
101
_a
EDU
245
_a
GUNNERS WORLDS RECORDS 2010
_c
GLENDAY, C
942
_2
udc
_c
BK
999
_c
30384
_d
30384